MARC details
| 000 -LEADER |
| fixed length control field |
01647cam a2200445 a 4500 |
| 001 - CONTROL NUMBER |
| control field |
22014 |
| 003 - CONTROL NUMBER IDENTIFIER |
| control field |
VRT |
| 005 - DATE AND TIME OF LATEST TRANSACTION |
| control field |
20260317151113.0 |
| 008 - FIXED-LENGTH DATA ELEMENTS--GENERAL INFORMATION |
| fixed length control field |
240702s1997 xo gr 000 1 slo |
| 015 ## - NATIONAL BIBLIOGRAPHY NUMBER |
| National bibliography number |
SNBA1998/07-02550 |
| 020 ## - INTERNATIONAL STANDARD BOOK NUMBER |
| International Standard Book Number |
8088775299 |
| 035 ## - SYSTEM CONTROL NUMBER |
| System control number |
SNK000279045 |
| 035 ## - SYSTEM CONTROL NUMBER |
| System control number |
urn:nbn:sk:snk-amkhi7 |
| 035 ## - SYSTEM CONTROL NUMBER |
| System control number |
urn:nbn:sk:snk-am008gl9 |
| 035 ## - SYSTEM CONTROL NUMBER |
| System control number |
3E39E946-6FD8-40D2-83FC-C02260B62BE3 |
| 039 #9 - LEVEL OF BIBLIOGRAPHIC CONTROL AND CODING DETAIL [OBSOLETE] |
| Level of rules in bibliographic description |
202411251100 |
| Level of effort used to assign nonsubject heading access points |
msnk123 |
| Level of effort used to assign subject headings |
202407021403 |
| Level of effort used to assign classification |
VLOAD |
| Level of effort used to assign subject headings |
202403181933 |
| Level of effort used to assign classification |
VLOAD |
| Level of effort used to assign subject headings |
202402261627 |
| Level of effort used to assign classification |
VLOAD |
| 040 ## - CATALOGING SOURCE |
| Original cataloging agency |
SNK |
| Language of cataloging |
slo |
| Transcribing agency |
SNK |
| Description conventions |
AACR2 |
| 041 1# - LANGUAGE CODE |
| Language code of text/sound track or separate title |
slo |
| Language code of original |
eng |
| 044 ## - COUNTRY OF PUBLISHING/PRODUCING ENTITY CODE |
| MARC country code |
xo |
| ISO country code |
SK |
| 080 ## - UNIVERSAL DECIMAL CLASSIFICATION NUMBER |
| Universal Decimal Classification number |
244 |
| Edition identifier |
1981 |
| 080 ## - UNIVERSAL DECIMAL CLASSIFICATION NUMBER |
| Universal Decimal Classification number |
266 |
| Edition identifier |
1981 |
| 080 ## - UNIVERSAL DECIMAL CLASSIFICATION NUMBER |
| Universal Decimal Classification number |
27-29 |
| Edition identifier |
2011 |
| 080 ## - UNIVERSAL DECIMAL CLASSIFICATION NUMBER |
| Universal Decimal Classification number |
821.111(71)-32 |
| Edition identifier |
2011 |
| 100 1# - MAIN ENTRY--PERSONAL NAME |
| Personal name |
Powers, Margaret Fishback |
| Relationship |
aut |
| 240 10 - UNIFORM TITLE |
| Uniform title |
Footprints |
| Language of a work |
Slovensky |
| 245 10 - TITLE STATEMENT |
| Title |
Stopy v piesku |
| Remainder of title |
príbeh o básni, ktorá inšpirovala milióny ľudí |
| Statement of responsibility, etc. |
Margaret F. Powersová ; [z anglického originálu preložil Jozef Šajda, báseň Stopy v piesku preložila Magda Žáryová] |
| 260 ## - PUBLICATION, DISTRIBUTION, ETC. |
| Place of publication, distribution, etc. |
Bratislava |
| Name of publisher, distributor, etc. |
Motýľ |
| Date of publication, distribution, etc. |
1997 |
| 300 ## - PHYSICAL DESCRIPTION |
| Extent |
111 s. |
| Dimensions |
21 cm |
| 500 ## - GENERAL NOTE |
| General note |
Údaj o prekl. prevzatý z rubu tit. strany |
| 650 07 - SUBJECT ADDED ENTRY--TOPICAL TERM |
| Topical term or geographic name entry element |
misie |
| Source of heading or term |
SNKPH |
| 655 #7 - INDEX TERM--GENRE/FORM |
| Genre/form data or focus term |
kresťanská literatúra |
| Source of term |
SNKPH |
| 655 #7 - INDEX TERM--GENRE/FORM |
| Genre/form data or focus term |
kanadské príbehy (anglicky) |
| Source of term |
SNKPH |
| 700 1# - ADDED ENTRY--PERSONAL NAME |
| Personal name |
Šajda, Jozef |
| Relationship |
trl |
| 700 1# - ADDED ENTRY--PERSONAL NAME |
| Personal name |
Žáryová, Magda, |
| Dates associated with a name |
1927-2009 |
| Relationship |
trl |
| 942 ## - ADDED ENTRY ELEMENTS (KOHA) |
| Source of classification or shelving scheme |
Dewey Decimal Classification |
| Koha item type |
Krásna literatúra pre dospelých |
| Suppress in OPAC |
No |
| 949 ## - LOCAL PROCESSING INFORMATION (OCLC) |
| 6 |
17A0130330 |
| 9 |
P60, <03>, [BOOK], {603} |
| a |
snkSC 95472 |
| b |
snkKSP 3459/98 |
| s |
6100:20140925 |
| 949 ## - LOCAL PROCESSING INFORMATION (OCLC) |
| 6 |
17A0130331 |
| 9 |
P60, <04>, [BOOK], {604} |
| a |
snkSC 95472 D1 |
| b |
snkKSP 3460/98 |